[Event "I Open Ruy Lopez"]
[Site "Zafra SPA"]
[Date "2007.03.25"]
[Round "9"]
[White "Spasov, V."]
[Black "Sokolov, Iv"]
[Result "1/2-1/2"]
[WhiteElo "2588"]
[BlackElo "2652"]
[PlyCount "66"]
[EventDate "2007.03.24"]
[Source "www.chesslib.no"]
[SourceDate "2004.05.04"]

1. e4 e5 2. Nf3 Nc6 3. Bb5 a6 4. Bxc6 dxc6 5. Nc3 f6 6. d4 exd4 7. Nxd4 c5 8. Nde2 Qxd1+ 9. Nxd1 Bd7 10. Bf4 O-O-O 11. Ne3 Ne7 12. O-O-O g5 13. h4 Bg7 14. Nc3 h6 15. Bg3 f5 16. exf5 Bxc3 17. bxc3 Bxf5 18. Rxd8+ Rxd8 19. hxg5 hxg5 20. Be5 Rf8 21. Rh8 Rxh8 22. Bxh8 Be6 23. Bf6 Nd5 24. Bxg5 Nxc3 25. a3 Kd7 26. g4 Nd5 27. Nxd5 Bxd5 28. Be3 Kc6 29. Kb2 Bf3 30. Bf4 Be4 31. g5 b5 32. c3 a5 33. Be5 Bf5 1/2-1/2

[Event "Novi Sad ol (Men)"]
[Site "Novi Sad YUG"]
[Date "1990.??.??"]
[Round "12"]
[White "Ljubojevic, Ljubomir"]
[Black "Huebner, Robert"]
[Result "1/2-1/2"]
[WhiteElo "2625"]
[BlackElo "2595"]
[PlyCount "67"]
[EventDate "1990.11.??"]
[Source "www.chesslib.no"]
[SourceDate "2004.05.04"]

1. e4 e5 2. Nf3 Nc6 3. Bb5 a6 4. Bxc6 dxc6 5. Nc3 f6 6. d4 exd4 7. Qxd4 Qxd4 8. Nxd4 Bd7 9. Bf4 O-O-O 10. O-O-O Ne7 11. Bg3 Ng6 12. f3 Bb4 13. Nce2 Rhe8 14. h4 Bf8 15. h5 Ne5 16. Nf4 Nf7 17. Bf2 Bd6 18. Nd3 c5 19. Ne2 f5 20. Nc3 c4 21. Nc5 fxe4 22. N5xe4 Bf4+ 23. Kb1 Bc6 24. Bd4 Be5 25. Bxe5 Rxe5 26. Kc1 b5 27. a3 a5 28. Rxd8+ Kxd8 29. Rh4 b4 30. axb4 axb4 31. Nd1 Bxe4 32. Rxe4 Rxh5 33. Rxc4 c5 34. Rg4 1/2-1/2

[Event "XVII Magistral"]
[Site "Elgoibar ESP"]
[Date "2007.12.16"]
[Round "9"]
[White "Korneev, O."]
[Black "Miton, K."]
[Result "1/2-1/2"]
[WhiteElo "2587"]
[BlackElo "2628"]
[PlyCount "54"]
[EventDate "2007.12.10"]
[Source "www.chesslib.no"]
[SourceDate "2004.05.04"]

1. e4 e5 2. Nf3 Nc6 3. Bb5 a6 4. Bxc6 dxc6 5. Nc3 Bg4 6. h3 Bxf3 7. Qxf3 Bd6 8. Qg3 Qf6 9. d3 Ne7 10. h4 h5 11. Bg5 Qg6 12. Qh3 f6 13. Be3 Qf7 14. O-O-O Ng6 15. g4 Nf8 16. g5 Ne6 17. g6 Qd7 18. Ne2 c5 19. Ng3 O-O-O 20. Qf5 Nf8 21. Rhg1 Qxf5 22. exf5 Nd7 23. Ne4 b6 24. a3 Nb8 25. Kd2 Nc6 26. c3 Ne7 27. Ng3 e4 1/2-1/2

[Event "Zlatibor"]
[Site "?"]
[Date "2006.09.03"]
[Round "9"]
[White "Predojevic Borki"]
[Black "Efimenko Zahar"]
[Result "1/2-1/2"]
[WhiteElo "2569"]
[BlackElo "2632"]
[PlyCount "101"]
[EventDate "2006.??.??"]
[Source "www.chesslib.no"]
[SourceDate "2004.05.04"]

1. e4 e5 2. Nf3 Nc6 3. Bb5 a6 4. Bxc6 dxc6 5. Nc3 f6 6. d4 exd4 7. Nxd4 c5 8. Nde2 Qxd1+ 9. Nxd1 Bd7 10. Bf4 O-O-O 11. Ne3 Bc6 12. Nc3 Ne7 13. f3 g6 14. Rd1 Bg7 15. Kf2 b5 16. Rxd8+ Rxd8 17. Rd1 Rd4 18. Ke2 Kd7 19. g4 Rxd1 20. Ncxd1 c4 21. c3 Bb7 22. h4 c5 23. Nf2 Nc6 24. Bg3 Ne7 25. Bf4 Ke6 26. Nh3 Kd7 27. Bg3 Nc6 28. g5 Ne5 29. Bxe5 fxe5 30. Ng4 Ke7 31. Nhf2 Ke6 32. Nd1 Bc6 33. Nde3 Bb7 34. Kf2 Bc6 35. Kg3 Bb7 36. Nh6 Bc6 37. Kg4 Bf8 38. Kg3 Bg7 39. Neg4 Bd7 40. Kf2 Bc6 41. Ke3 Bb7 42. Nf2 Bc6 43. Nhg4 Bb7 44. f4 Bc8 45. Nxe5 Bxe5 46. fxe5 Kxe5 47. a3 Bd7 48. Kf3 Bc8 49. Ke3 Bd7 50. Nd1 Bc6 51. Nf2 1/2-1/2

[Event "It (Open) Ledyard USA"]
[Site "?"]
[Date "2006.04.13"]
[Round "3"]
[White "Stripunsky Alexander"]
[Black "Friedel Joshua E"]
[Result "1/2-1/2"]
[WhiteElo "2647"]
[BlackElo "2511"]
[PlyCount "68"]
[EventDate "2006.??.??"]
[Source "www.chesslib.no"]
[SourceDate "2004.05.04"]

1. e4 e5 2. Nf3 Nc6 3. Bb5 a6 4. Bxc6 dxc6 5. Nc3 f6 6. d4 exd4 7. Qxd4 Qxd4 8. Nxd4 c5 9. Nb3 Bd6 10. Na5 Ne7 11. Nc4 Be6 12. Nxd6+ cxd6 13. Bf4 O-O-O 14. O-O-O Kc7 15. Rd2 Kc6 16. Rhd1 d5 17. exd5+ Nxd5 18. Nxd5 Rxd5 19. Rxd5 Bxd5 20. c4 Bxc4 21. Rd6+ Kb5 22. b3 Bf1 23. Be3 Bxg2 24. a4+ Kb4 25. Kb2 c4 26. Rb6+ Ka5 27. bxc4 Rd8 28. Ka3 Rd3+ 29. Rb3 Rxb3+ 30. Kxb3 Bc6 31. Kc3 b5 32. axb5 axb5 33. cxb5 Kxb5 34. Kb3 Bd5+ 1/2-1/2

[Event "Europa ch 2008"]
[Site "Plovdiv BUL"]
[Date "2008.04.24"]
[Round "4.76"]
[White "Stanojoski, Zvonko"]
[Black "Delchev, Aleksander"]
[Result "1-0"]
[WhiteElo "2506"]
[BlackElo "2639"]
[PlyCount "79"]
[EventDate "2008.04.21"]
[Source "www.chesslib.no"]
[SourceDate "2004.05.04"]

1. e4 e5 2. Nf3 Nc6 3. Bb5 a6 4. Bxc6 dxc6 5. Nc3 Qd6 6. d4 exd4 7. Nxd4 Qg6 8. O-O Bd7 9. Qe2 O-O-O 10. Nb3 Nf6 11. f3 Bd6 12. e5 Rhe8 13. f4 Ng4 14. Qf3 Bb4 15. f5 Bxf5 16. Qxf5+ Qxf5 17. Rxf5 Bxc3 18. bxc3 Rd1+ 19. Rf1 Rxf1+ 20. Kxf1 Nxh2+ 21. Kg1 Ng4 22. Bf4 Nxe5 23. Bg3 Nc4 24. Re1 Rxe1+ 25. Bxe1 Ne3 26. Na1 Kd7 27. Kf2 Nc4 28. Ke2 c5 29. Nb3 Kc6 30. Bg3 Na3 31. Nd2 Kd5 32. Bxc7 Nxc2 33. Nb1 Ke4 34. Bb6 c4 35. Kd2 Na1 36. Na3 f5 37. Nxc4 f4 38. Nd6+ Kd5 39. Ne8 g5 40. Kd3 1-0

[Event "RUS-Cup01 Chigorin mem"]
[Site "St Petersburg"]
[Date "1997.11.04"]
[Round "4"]
[White "Makarov, Marat"]
[Black "Sakaev, Konstantin"]
[Result "1/2-1/2"]
[WhiteElo "2540"]
[BlackElo "2590"]
[PlyCount "21"]
[EventDate "1997.11.01"]
[Source "www.chesslib.no"]
[SourceDate "2004.05.04"]

1. e4 e5 2. Nf3 Nc6 3. Bb5 a6 4. Bxc6 dxc6 5. Nc3 f6 6. d4 exd4 7. Nxd4 c5 8. Nf5 Qxd1+ 9. Nxd1 Bxf5 10. exf5 Bd6 11. Ne3 1/2-1/2

[Event "Cappelle Open"]
[Site "Cappelle la Grande FRA"]
[Date "1995.??.??"]
[Round "7"]
[White "Landa, Konstantin"]
[Black "Malaniuk, Vladimir P"]
[Result "1/2-1/2"]
[WhiteElo "2500"]
[BlackElo "2615"]
[PlyCount "108"]
[EventDate "1995.03.??"]
[Source "www.chesslib.no"]
[SourceDate "2004.05.04"]

1. e4 e5 2. Nf3 Nc6 3. Bb5 a6 4. Bxc6 dxc6 5. Nc3 f6 6. d4 exd4 7. Nxd4 c5 8. Nde2 Qxd1+ 9. Nxd1 Bd7 10. Bf4 O-O-O 11. Ne3 Bc6 12. f3 Ne7 13. Rd1 Rxd1+ 14. Kxd1 Ng6 15. Bg3 Be7 16. h4 h5 17. Kc1 Bd8 18. Rd1 Rf8 19. b3 b6 20. Bf2 Bb5 21. c4 Bd7 22. Rd5 Rh8 23. Kc2 a5 24. Rd1 Re8 25. Rd2 Rf8 26. Nf5 Rf7 27. Nc3 Ne5 28. Bg3 g6 29. Ne3 Rf8 30. Nb5 Rf7 31. Kb2 Rg7 32. Nd5 Kb7 33. a4 Kc8 34. f4 Nc6 35. f5 gxf5 36. Bxc7 Bxc7 37. Nbxc7 fxe4 38. Nb5 Kb7 39. Nd6+ Ka7 40. Nxe4 Bf5 41. Nd6 Bg6 42. Nxf6 Ka6 43. g4 hxg4 44. h5 g3 45. Rg2 Bd3 46. Kc3 Ne5 47. Nde4 Bxe4 48. Nxe4 Rg4 49. Nxg3 Nf3 50. h6 Ng5 51. Kd3 Nf7 52. h7 Rg7 53. Kc2 Rxh7 54. Ne2 Ne5 1/2-1/2

[Event "UKR-ch"]
[Site "Ordzhonikidze"]
[Date "2001.09.09"]
[Round "2"]
[White "Moroz, Alexander"]
[Black "Romanishin, Oleg M"]
[Result "0-1"]
[WhiteElo "2512"]
[BlackElo "2579"]
[PlyCount "100"]
[EventDate "2001.09.08"]
[Source "ChessBase"]
[SourceDate "2001.02.01"]

1. e4 e5 2. Nf3 Nc6 3. Bb5 a6 4. Bxc6 dxc6 5. Nc3 Qd6 6. d4 exd4 7. Nxd4 Qg6 8. O-O Bd7 9. Be3 O-O-O 10. Qe2 Nh6 11. f3 Bd6 12. Rad1 Rhe8 13. Nb3 f5 14. Bc5 fxe4 15. Nxe4 Bf5 16. Rfe1 Bxe4 17. fxe4 Ng4 18. Bxd6 cxd6 19. Qf3 Nf6 20. Nd2 Kc7 21. Re2 Qg5 22. Qc3 Qe5 23. Qxe5 Rxe5 24. Rde1 Rde8 25. Kf1 b5 26. a3 a5 27. h3 a4 28. Kf2 R8e7 29. Re3 Rc5 30. c3 Rce5 31. R1e2 R5e6 32. Re1 Nd7 33. Nf3 Nc5 34. Nd2 Rf6+ 35. Kg1 Rfe6 36. Kf2 g6 37. R1e2 Re8 38. Kf3 Nd7 39. Kf2 Ne5 40. Re1 R6e7 41. Ke2 Nd7 42. Kf2 Nc5 43. Kf3 Re5 44. R1e2 Kb6 45. Re1 Rf8+ 46. Kg4 h5+ 47. Kh4 Rf2 48. Nf3 Re8 49. e5 Rxg2 50. exd6 Rf8 0-1

[Event "RUS-Cup9"]
[Site "Novgorod"]
[Date "1997.06.12"]
[Round "2"]
[White "Yandemirov, Valeri"]
[Black "Korneev, Oleg"]
[Result "1-0"]
[WhiteElo "2500"]
[BlackElo "2590"]
[PlyCount "85"]
[EventDate "1997.06.11"]
[Source "ChessBase"]
[SourceDate "1997.10.13"]

1. e4 e5 2. Nf3 Nc6 3. Bb5 a6 4. Bxc6 dxc6 5. Nc3 f6 6. d4 exd4 7. Nxd4 c5 8. Nde2 Qxd1+ 9. Nxd1 Bd7 10. Bf4 O-O-O 11. Ne3 Bc6 12. f3 Ne7 13. Rd1 Rxd1+ 14. Kxd1 g5 15. Bg3 Bg7 16. h4 h5 17. Be1 f5 18. exf5 g4 19. fxg4 Rd8+ 20. Kc1 hxg4 21. Rf1 Bh6 22. Nf4 Rf8 23. Bd2 g3 24. Ng6 Re8 25. Ng4 Bxg2 26. Nxe7+ Rxe7 27. Rg1 Bxd2+ 28. Kxd2 Be4 29. f6 Rh7 30. Rxg3 Bd5 31. Ne5 Rxh4 32. f7 Rh8 33. c4 Be6 34. Rf3 Bxf7 35. Rxf7 b6 36. Rf3 Kb7 37. Kc3 Rh7 38. Ng4 b5 39. a3 Re7 40. Nf2 Kb6 41. Nd3 c6 42. Rf5 Re3 43. Kd2 1-0

[Event "La Coruna TH Open"]
[Site "La Coruna"]
[Date "1995.??.??"]
[Round "9"]
[White "Giorgadze, Giorgi"]
[Black "Strikovic, Aleksa"]
[Result "1/2-1/2"]
[WhiteElo "2605"]
[BlackElo "2485"]
[PlyCount "20"]
[EventDate "1995.07.??"]
[Source "www.chesslib.no"]
[SourceDate "2004.05.04"]

1. e4 e5 2. Nf3 Nc6 3. Bb5 a6 4. Bxc6 dxc6 5. Nc3 Bg4 6. h3 Bxf3 7. Qxf3 Qf6 8. Qxf6 Nxf6 9. d3 Bd6 10. O-O O-O 1/2-1/2

[Event "MK Cafe Cup-A"]
[Site "Koszalin"]
[Date "1998.08.12"]
[Round "10"]
[White "Janovsky, Sergey"]
[Black "Romanishin, Oleg M"]
[Result "1/2-1/2"]
[WhiteElo "2490"]
[BlackElo "2600"]
[PlyCount "83"]
[EventDate "1998.08.03"]
[Source "ChessBase"]
[SourceDate "1998.09.09"]

1. e4 e5 2. Nf3 Nc6 3. Bb5 a6 4. Bxc6 dxc6 5. Nc3 Qd6 6. d4 exd4 7. Nxd4 c5 8. Nde2 Qxd1+ 9. Nxd1 Bd7 10. Bf4 O-O-O 11. Ne3 Bc6 12. f3 Ne7 13. Rd1 Rxd1+ 14. Kxd1 Ng6 15. Bg3 Be7 16. h4 h5 17. Kc1 Re8 18. Nc3 Bf8 19. Ncd5 Ne5 20. Rd1 b5 21. Nf5 g6 22. Nfe3 Bg7 23. Bf4 Kb7 24. Bg5 Re6 25. Nf4 Rd6 26. Be7 Rxd1+ 27. Kxd1 c4 28. Nfd5 Nd7 29. Kc1 Bd4 30. Bg5 Bxd5 31. Nxd5 c6 32. Ne3 c3 33. b3 Nf8 34. Kd1 Ne6 35. Bh6 Be5 36. Nf1 c5 37. Be3 Kc6 38. g3 Bg7 39. Ke2 Kd6 40. Kd3 f5 41. f4 b4 42. Bf2 1/2-1/2

[Event "Portoroz (open)"]
[Site "?"]
[Date "2004.04.15"]
[Round "6"]
[White "Solak Dragan"]
[Black "Fontaine Robert"]
[Result "1/2-1/2"]
[WhiteElo "2552"]
[BlackElo "2525"]
[PlyCount "25"]
[EventDate "2004.??.??"]
[Source "www.chesslib.no"]
[SourceDate "2004.05.04"]

1. e4 e5 2. Nf3 Nc6 3. Bb5 a6 4. Bxc6 dxc6 5. Nc3 f6 6. d4 exd4 7. Nxd4 c5 8. Nde2 Qxd1+ 9. Nxd1 Be6 10. Bf4 O-O-O 11. Bg3 Ne7 12. Ne3 g6 13. O-O 1/2-1/2

[Event "CRO-chT"]
[Site "Pula"]
[Date "2000.09.19"]
[Round "2"]
[White "Lalic, Bogdan"]
[Black "Pinter, Jozsef"]
[Result "1/2-1/2"]
[WhiteElo "2520"]
[BlackElo "2556"]
[PlyCount "21"]
[EventDate "2000.09.??"]
[Source "www.chesslib.no"]
[SourceDate "2004.05.04"]

1. e4 e5 2. Nf3 Nc6 3. Bb5 a6 4. Bxc6 dxc6 5. Nc3 Qd6 6. d4 exd4 7. Nxd4 c5 8. Nde2 Qxd1+ 9. Nxd1 Bd7 10. Bf4 O-O-O 11. f3 1/2-1/2

[Event "Copenhagen DEN"]
[Site "Copenhagen DEN"]
[Date "1992.??.??"]
[Round "?"]
[White "Smagin, Sergey B"]
[Black "Yakovich, Yuri"]
[Result "1-0"]
[WhiteElo "2550"]
[BlackElo "2525"]
[PlyCount "55"]
[EventDate "1992.??.??"]
[Source "www.chesslib.no"]
[SourceDate "2004.05.04"]

1. e4 e5 2. Nf3 Nc6 3. Bb5 a6 4. Bxc6 dxc6 5. Nc3 c5 6. Nxe5 Qg5 7. f4 Qxg2 8. Qf3 Qxf3 9. Nxf3 Ne7 10. d3 Nc6 11. Rg1 Bd7 12. Be3 O-O-O 13. O-O-O f5 14. Ng5 fxe4 15. dxe4 Be8 16. Ne6 Rxd1+ 17. Nxd1 g6 18. Nxc5 Bf7 19. Nc3 Bg7 20. e5 Re8 21. N5e4 Ne7 22. Ng3 Be6 23. h4 Bh6 24. Rf1 Rf8 25. Bd2 Bg4 26. Nce4 Bg7 27. Bb4 Re8 28. Nf6 1-0

[Event "4. EU ch.final"]
[Site "IV EU ch.final"]
[Date "1995.??.??"]
[Round "?"]
[White "D'Adamo"]
[Black "Tarnowiecki/OST"]
[Result "1/2-1/2"]
[WhiteElo "2495"]
[BlackElo "2575"]
[PlyCount "53"]
[EventDate "1995.??.??"]
[Source "www.chesslib.no"]
[SourceDate "2004.05.04"]

1. e4 e5 2. Nf3 Nc6 3. Bb5 a6 4. Bxc6 dxc6 5. Nc3 f6 6. d4 exd4 7. Nxd4 c5 8. Nde2 Qxd1+ 9. Nxd1 Be6 10. Bf4 O-O-O 11. Ne3 Ne7 12. Rd1 g5 13. Bg3 f5 14. Be5 Rxd1+ 15. Kxd1 Rg8 16. Nc3 fxe4 17. Nxe4 Ng6 18. Nxg5 Bg4+ 19. Nxg4 Nxe5 20. Nxe5 Rxg5 21. Nc4 Rxg2 22. Ke2 Rg4 23. b3 b5 24. Ne3 Rh4 25. h3 c4 26. bxc4 b4 27. Kd3 1/2-1/2

[Event "Balkaniad"]
[Site "Kavala"]
[Date "1990.??.??"]
[Round "?"]
[White "Spasov, Vasil"]
[Black "Sokolov, Ivan"]
[Result "1/2-1/2"]
[WhiteElo "2495"]
[BlackElo "2550"]
[PlyCount "100"]
[EventDate "1990.10.??"]
[Source "ChessBase"]

1. e4 e5 2. Nf3 Nc6 3. Bb5 a6 4. Bxc6 dxc6 5. Nc3 Bd6 6. d4 exd4 7. Qxd4 f6 8. Be3 Ne7 9. O-O-O Ng6 10. Qd2 Qe7 11. Nd4 Ne5 12. Qe2 Qf7 13. f4 Bg4 14. Nf3 Nxf3 15. gxf3 Be6 16. b3 f5 17. Kb1 Qe7 18. Rhg1 O-O-O 19. Bd4 Rhg8 20. Be5 Bxe5 21. fxe5 f4 22. Na4 Rxd1+ 23. Rxd1 Bf7 24. Qf2 Kb8 25. Nc5 Rd8 26. Rxd8+ Qxd8 27. e6 Be8 28. a4 b6 29. Nxa6+ Kb7 30. Nb4 Qd1+ 31. Ka2 Qd6 32. Nd3 c5 33. Qh4 c4 34. bxc4 Qxe6 35. Nb2 Bxa4 36. Qxf4 Bc6 37. Kb3 h6 38. h4 Qh3 39. Nd3 g5 40. hxg5 hxg5 41. Qxg5 Qxf3 42. e5 Qe2 43. Kc3 Be4 44. e6 Bxd3 45. Qd5+ Ka7 46. cxd3 Qe1+ 47. Kc2 Qe2+ 48. Kb3 Qd1+ 49. Kc3 Qe1+ 50. Kb3 Qb1+ 1/2-1/2

[Event "Novi Sad ol (Men)"]
[Site "Novi Sad YUG"]
[Date "1990.??.??"]
[Round "12"]
[White "Motwani, Paul"]
[Black "Psakhis, Lev B"]
[Result "1/2-1/2"]
[WhiteElo "2470"]
[BlackElo "2570"]
[PlyCount "83"]
[EventDate "1990.11.??"]
[Source "www.chesslib.no"]
[SourceDate "2004.05.04"]

1. e4 e5 2. Nf3 Nc6 3. Bb5 a6 4. Bxc6 dxc6 5. Nc3 f6 6. d4 exd4 7. Nxd4 c5 8. Nde2 Qxd1+ 9. Nxd1 Be6 10. Bf4 O-O-O 11. Ne3 Ne7 12. Bg3 Bf7 13. Rd1 Re8 14. f3 g6 15. Kf2 Bg7 16. b3 f5 17. exf5 Nxf5 18. Nxf5 gxf5 19. Bf4 Bf6 20. Rhe1 c4 21. Be3 Rhg8 22. g3 Be7 23. Bd4 Rd8 24. Nf4 Bb4 25. Re5 c5 26. c3 Bxc3 27. Rxc5+ Kb8 28. Ne2 Bxd4+ 29. Rxd4 cxb3 30. axb3 Bxb3 31. Rxf5 Rge8 32. Rxd8+ Rxd8 33. Ke3 Bc2 34. Rc5 Rd3+ 35. Kf2 Bd1 36. Ke1 Ba4 37. f4 Bb5 38. Nc1 Rf3 39. f5 b6 40. Re5 Kc7 41. Ne2 Kd6 42. Re6+ 1/2-1/2

[Event "4. EU ch.final"]
[Site "IV EU ch.final"]
[Date "1995.??.??"]
[Round "?"]
[White "D'Adamo"]
[Black "Fabri/HUN"]
[Result "1-0"]
[WhiteElo "2495"]
[BlackElo "2545"]
[PlyCount "66"]
[EventDate "1995.??.??"]
[Source "www.chesslib.no"]
[SourceDate "2004.05.04"]

1. e4 e5 2. Nf3 Nc6 3. Bb5 a6 4. Bxc6 dxc6 5. Nc3 f6 6. d4 exd4 7. Nxd4 Bd6 8. Nde2 Ne7 9. Bf4 O-O 10. O-O Be6 11. Bxd6 cxd6 12. Qd4 Qc7 13. Nf4 Bf7 14. Rad1 Rad8 15. Rd2 Ng6 16. Nxg6 hxg6 17. Rfd1 d5 18. exd5 cxd5 19. Qa4 Rc8 20. Rd4 Rfe8 21. g3 g5 22. Qb3 Kh8 23. h4 Re5 24. hxg5 Rxg5 25. Nxd5 Qxc2 26. Qxb7 Bxd5 27. Rxd5 Re8 28. R5d2 Qe4 29. Qxe4 Rxe4 30. Kf1 Rge5 31. f4 Ra5 32. a3 Rb5 33. b4 Kh7 1-0

[Event "Russia (ch)"]
[Site "Russia"]
[Date "2003.??.??"]
[Round "?"]
[White "Sherbakov, R."]
[Black "Shomoev, A."]
[Result "1/2-1/2"]
[WhiteElo "2555"]
[BlackElo "2479"]
[PlyCount "58"]
[EventDate "2003.??.??"]
[Source "Chess Informant"]
[SourceDate "2003.10.01"]

1. e4 e5 2. Nf3 Nc6 3. Bb5 a6 4. Bxc6 dxc6 5. Nc3 f6 6. d4 exd4 7. Nxd4 c5 8. Nde2 Qxd1+ 9. Nxd1 Be6 10. Bf4 O-O-O 11. Ne3 Ne7 12. Rd1 Rxd1+ 13. Kxd1 f5 14. Kc1 fxe4 15. Nc3 Nf5 16. Nxf5 Bxf5 17. Nd5 c6 18. Nb6+ Kd8 19. Rd1+ Ke8 20. Bg5 Be7 21. Bxe7 Kxe7 22. Na4 Rf8 23. Nxc5 b6 24. Nb3 Be6 25. Rd2 e3 26. fxe3 Rf1+ 27. Rd1 Rf2 28. Rd2 Rf1+ 29. Rd1 Rf2 1/2-1/2

[Event "Teresa Herrera op 11th"]
[Site "Corunha"]
[Date "2000.07.25"]
[Round "9"]
[White "Janev, Evgeni"]
[Black "Korneev, Oleg"]
[Result "1/2-1/2"]
[WhiteElo "2413"]
[BlackElo "2619"]
[PlyCount "95"]
[EventDate "2000.07.17"]
[Source "www.chesslib.no"]
[SourceDate "2004.05.04"]

1. e4 e5 2. Nf3 Nc6 3. Bb5 a6 4. Bxc6 dxc6 5. Nc3 f6 6. d4 exd4 7. Nxd4 c5 8. Nde2 Qxd1+ 9. Nxd1 Be6 10. Bf4 O-O-O 11. Ne3 Ne7 12. h4 h5 13. Bg3 c4 14. Rd1 Re8 15. f3 Bf7 16. Nf4 f5 17. O-O fxe4 18. fxe4 Nc6 19. Nfd5 Bg6 20. Bxc7 b5 21. Bb6 Rxe4 22. a4 Rxh4 23. Nf4 Be4 24. Ne6 Be7 25. Rf7 Rg8 26. axb5 axb5 27. Nd5 Bxd5 28. Rxd5 Re4 29. Nd4 Nxd4 30. Rxd4 Rxd4 31. Bxd4 Rd8 32. Bxg7 Bc5+ 33. Kh2 Rd2 34. Be5 Kd8 35. Rb7 b4 36. Kg3 Rxc2 37. Kf3 Rf2+ 38. Ke4 Rxg2 39. Kd5 Be7 40. Ke6 Rg6+ 41. Kf7 Rh6 42. Rb5 Bd6 43. Bg7 Rh7 44. Kg6 Rxg7+ 45. Kxg7 b3 46. Rxh5 Ba3 47. Kf7 Kd7 48. Rh4 1/2-1/2

[Event "Mondariz Balneario"]
[Site "?"]
[Date "2000.08.02"]
[Round "8.4"]
[White "Ianev Evgeni"]
[Black "Korneev Oleg"]
[Result "1-0"]
[WhiteElo "2413"]
[BlackElo "2619"]
[PlyCount "117"]
[EventDate "2000.??.??"]
[Source "www.chesslib.no"]
[SourceDate "2004.05.04"]

1. e4 e5 2. Nf3 Nc6 3. Bb5 a6 4. Bxc6 dxc6 5. Nc3 f6 6. d4 exd4 7. Nxd4 c5 8. Nde2 Qxd1+ 9. Nxd1 Be6 10. Bf4 O-O-O 11. Ne3 Ne7 12. h4 h5 13. Rd1 Re8 14. O-O Bf7 15. Nc3 Nc6 16. Rd2 Ne5 17. Rfd1 Be6 18. Ncd5 Kb8 19. Bg3 Bc8 20. f4 Ng4 21. Nxg4 Bxg4 22. Re1 Rd8 23. f5 Bd6 24. Bxd6 Rxd6 25. Rf2 Re8 26. Rff1 c4 27. c3 b5 28. Nf4 Kb7 29. Ne6 Re7 30. b4 cxb3 31. axb3 Kb6 32. c4 Rd3 33. Nf4 Red7 34. Nxd3 Rxd3 35. cxb5 axb5 36. e5 fxe5 37. Rxe5 Rxb3 38. Re7 Ra3 39. Rxg7 Be2 40. f6 Bxf1 41. f7 Ra8 42. Kxf1 Rf8 43. Ke2 b4 44. Kd2 c5 45. g4 c4 46. gxh5 Kb5 47. h6 Ka4 48. h7 Kb3 49. Rg8 c3+ 50. Kd3 c2 51. Kd2 Rxf7 52. Rg3+ Ka2 53. h8=Q b3 54. Qa8+ Kb2 55. Rxb3+ Kxb3 56. Qd5+ Kb2 57. Qd4+ Kb1 58. Qb4+ Ka2 59. Qa4+ 1-0

[Event "Terrassa op"]
[Site "Terrassa"]
[Date "1996.??.??"]
[Round "6"]
[White "Dvoretzky, Mark"]
[Black "Arencibia, Walter"]
[Result "1-0"]
[WhiteElo "2475"]
[BlackElo "2555"]
[PlyCount "61"]
[EventDate "1996.07.??"]
[Source "www.chesslib.no"]
[SourceDate "2004.05.04"]

1. e4 e5 2. Nf3 Nc6 3. Bb5 a6 4. Bxc6 dxc6 5. Nc3 Qe7 6. d4 exd4 7. Qxd4 Bg4 8. Bf4 Bxf3 9. gxf3 Rd8 10. Qe3 Nf6 11. O-O Nh5 12. Bg3 Nxg3 13. hxg3 Qe6 14. Rad1 Rxd1 15. Rxd1 h5 16. Qa7 Qc8 17. Qd4 Rh7 18. e5 Rh6 19. Ne2 Be7 20. Qe4 Kf8 21. Nd4 Qd7 22. Rd3 Qe8 23. f4 Kg8 24. f5 c5 25. Ne2 Qb5 26. Rb3 Qa5 27. Rxb7 Qe1+ 28. Kg2 h4 29. Rb8+ Kh7 30. f6+ g6 31. gxh4 1-0

[Event "Belgrade"]
[Site "Belgrade"]
[Date "1994.??.??"]
[Round "8"]
[White "Spasov, Vasil"]
[Black "Damljanovic, Branko"]
[Result "1/2-1/2"]
[WhiteElo "2525"]
[BlackElo "2505"]
[PlyCount "30"]
[EventDate "1994.??.??"]
[Source "ChessBase"]

1. e4 e5 2. Nf3 Nc6 3. Bb5 a6 4. Bxc6 dxc6 5. Nc3 Bg4 6. h3 Bxf3 7. Qxf3 Bd6 8. d3 Ne7 9. O-O O-O 10. Qg4 Qc8 11. Qxc8 Raxc8 12. g4 f6 13. f4 exf4 14. Bxf4 Ng6 15. Be3 c5 1/2-1/2

[Event "It (Open) Moscow RUS"]
[Site "?"]
[Date "2006.02.07"]
[Round "1"]
[White "Ovetchkin Roman"]
[Black "Pokazanjev Nikolai"]
[Result "1/2-1/2"]
[WhiteElo "2548"]
[BlackElo "2479"]
[PlyCount "72"]
[EventDate "2006.??.??"]
[Source "www.chesslib.no"]
[SourceDate "2004.05.04"]

1. e4 e5 2. Nf3 Nc6 3. Bb5 a6 4. Bxc6 dxc6 5. Nc3 f6 6. d4 exd4 7. Nxd4 c5 8. Nde2 Qxd1+ 9. Nxd1 Bd7 10. Bf4 O-O-O 11. Ne3 Ne7 12. O-O-O Re8 13. Nc3 Bc6 14. f3 Ng6 15. Bg3 h5 16. h4 Ne5 17. Ncd5 b6 18. Rhe1 Kb7 19. b3 Rh6 20. Bf4 Rh7 21. Re2 Bd6 22. Nf5 Bxd5 23. Nxd6+ cxd6 24. Rxd5 Kc6 25. Red2 Re6 26. Bxe5 fxe5 27. Kd1 g5 28. hxg5 Rg7 29. Ke1 Rxg5 30. Kf2 h4 31. Kg1 Rg3 32. Kh2 Reg6 33. c3 Kc7 34. R5d3 Kc6 35. Re3 Kc7 36. a4 Kd7 1/2-1/2

[Event "2nd Open, Salou ESP"]
[Site "?"]
[Date "2000.??.??"]
[Round "2"]
[White "Janev, E."]
[Black "Korneev, O."]
[Result "0-1"]
[WhiteElo "2410"]
[BlackElo "2615"]
[PlyCount "81"]
[EventDate "2000.??.??"]
[Source "www.chesslib.no"]
[SourceDate "2004.05.04"]

1. e4 e5 2. Nf3 Nc6 3. Bb5 a6 4. Bxc6 dxc6 5. Nc3 f6 6. d4 exd4 7. Nxd4 c5 8. Nde2 Qxd1+ 9. Nxd1 Be6 10. Bf4 O-O-O 11. Ne3 Ne7 12. h4 Nc6 13. O-O c4 14. Nc3 Bc5 15. Rad1 Nd4 16. Kh1 c6 17. Rfe1 b5 18. Nb1 Bf7 19. Bg3 Bg6 20. Nd2 Rd7 21. f3 Rhd8 22. Ndf1 h5 23. Bh2 Bf7 24. Bg1 Bf8 25. Ng3 Kb7 26. Rc1 Ne6 27. Nef1 Nc5 28. e5 fxe5 29. Rxe5 Na4 30. b3 Nc3 31. a4 Bd6 32. Ree1 Ba3 33. Ne3 Bxc1 34. Rxc1 Bg6 35. a5 Nd1 36. Nef5 Bxf5 37. Nxf5 g6 38. Ng3 Nc3 39. Re1 Rd2 40. bxc4 b4 41. f4 0-1

[Event "Bayern-ch Bank Hofmann 2nd"]
[Site "Bad Wiessee"]
[Date "1998.12.02"]
[Round "5"]
[White "Yandemirov, Valeri"]
[Black "Gabriel, Christian"]
[Result "1-0"]
[WhiteElo "2470"]
[BlackElo "2555"]
[PlyCount "73"]
[EventDate "1998.11.??"]
[Source "www.chesslib.no"]
[SourceDate "2004.05.04"]

1. e4 e5 2. Nf3 Nc6 3. Bb5 a6 4. Bxc6 dxc6 5. Nc3 f6 6. d4 exd4 7. Nxd4 c5 8. Nde2 Qxd1+ 9. Nxd1 Be6 10. Bf4 O-O-O 11. Ne3 Ne7 12. Rd1 Rxd1+ 13. Kxd1 g5 14. Bg3 f5 15. Be5 Rg8 16. Nc3 g4 17. Ncd5 fxe4 18. Nf6 Rg6 19. Nxe4 Nd5 20. Nc3 Nxc3+ 21. Bxc3 Bd6 22. b3 b5 23. Bb2 Kb7 24. Ke2 Kc6 25. c4 Rh6 26. g3 Be7 27. h4 gxh3 28. f4 Bf6 29. Bxf6 Rxf6 30. Kf3 h5 31. Ke4 Bg4 32. Nxg4 hxg4 33. f5 Rf8 34. Kf4 Rg8 35. f6 Kd7 36. Kf5 Rh8 37. f7 1-0

[Event "32nd TCh-GRE"]
[Site "Kallithea Chalkidiki"]
[Date "2003.07.04"]
[Round "1"]
[White "Solak, Dragan"]
[Black "Antoniewski, Rafal"]
[Result "0-1"]
[WhiteElo "2521"]
[BlackElo "2499"]
[PlyCount "104"]
[EventDate "2003.07.04"]
[Source "Roberto Alvarez"]
[SourceDate "2003.07.14"]

1. e4 e5 2. Nf3 Nc6 3. Bb5 a6 4. Bxc6 dxc6 5. Nc3 Bd6 6. d4 exd4 7. Qxd4 f6 8. O-O Ne7 9. e5 fxe5 10. Nxe5 Ng6 11. Bf4 Qf6 12. Bg3 Bf5 13. Ne4 Bxe4 14. Qxe4 Bxe5 15. Bxe5 Qxe5 16. Qxe5+ Nxe5 17. Rae1 O-O-O 18. Rxe5 Rd2 19. Rc1 Rf8 20. f3 Rf6 21. Rce1 Rxc2 22. Re8+ Kd7 23. R1e7+ Kd6 24. Rxg7 Rxb2 25. Rxh7 Rg6 26. g4 Kc5 27. Re5+ Kb6 28. Rhe7 Rxa2 29. Re2 Rxe2 30. Rxe2 a5 31. h4 a4 32. h5 Rg8 33. h6 Kc5 34. Rg2 a3 35. g5 a2 36. Rxa2 Rxg5+ 37. Rg2 Rh5 38. Rh2 Rg5+ 39. Rg2 Rh5 40. Rh2 Rg5+ 41. Kf2 Rg8 42. Ke3 Kd5 43. Kf4 b5 44. h7 Rh8 45. Kf5 b4 46. Kg6 c5 47. f4 c4 48. f5 c3 49. f6 b3 50. Kg7 c2 51. Kxh8 c1=Q 52. Rh5+ Ke6 0-1